| 000 | 00000nam##2200000za#4500 |
| 001 | 9.696003 |
| 003 | CaOODSP |
| 005 | 20220125145842 |
| 007 | cr ||||||||||| |
| 008 | 150407|2005||||xxc|||||o f|0| 0 eng|d |
| 040 | |aCaOODSP|beng |
| 043 | |an-cn--- |
| 086 | 1 |aD2-167/2005E-PDF |
| 110 | 1 |aCanada. |bDepartment of National Defence. |
| 245 | 10|aProfessional ideology and the profession of arms in Canada / |h[electronic resource]|c[by] Bill Bentley. |
| 260 | |aWinnipeg - Manitoba : |bNational Defence |cc2005. |
| 300 | |a160p.|bfigs., glossary, index |
| 500 | |aThe ISBN (1-984736-07-9) for the print edition has been incorrectly copied in this electronic publication. |
| 504 | |aBibliography. |
| 590 | |a12-31-Supp|b2012-07-06 |
| 690 | 07|aArmed forces|2gcpds |
| 690 | 07|aEthics|2gcpds |
| 720 | 1 |aBentley, Bill |
| 775 | 08|tL'idéologie professionnelle et la profession des armes au Canada / |w(CaOODSP)9.640120 |
| 856 | 40|ahttp://publications.gc.ca|qPDF|s1962 KB|uhttps://publications.gc.ca/collections/collection_2012/dn-nd/D2-167-2005-eng.pdf |